Prolegomenon sylloge /
| Other Authors: | , , , |
|---|---|
| Format: | Book |
| Language: | Greek Latin |
| Published: |
Stuttgart :
B.G. Teubner,
1995.
|
| Series: | Bibliotheca scriptorum graecorum et romanorum Teubneriana
Rhetores graeci 14. |
| Subjects: |
| LEADER | 01498nam a2200349 u 4500 | ||
|---|---|---|---|
| 001 | 10010199 | ||
| 003 | GR-PaULI | ||
| 005 | 20210117204243.0 | ||
| 008 | 881025s1995 ge gre | ||
| 020 | |a 3519019353 | ||
| 040 | |a GR-PaULI |c GR-PaULI |b gre |e AACR2 | ||
| 041 | 0 | |a gre |a lat | |
| 082 | 0 | 4 | |a 885.01 |2 23 |
| 245 | 1 | 0 | |a Prolegomenon sylloge / |c edidit Hugo Rabe ; accedit Maximi libellus De obiectionibus insolubilibus. |
| 260 | |a Stuttgart : |b B.G. Teubner, |c 1995. | ||
| 300 | |a cxxviii, 494 σ. ; |c 20 εκ. | ||
| 490 | 0 | |a Rhetores graeci |v 14. | |
| 490 | 1 | |a Bibliotheca scriptorum graecorum et romanorum Teubneriana |v 1935. | |
| 500 | |a | ||
| 504 | |a | ||
| 650 | 4 | |a Ρητορική, Αρχαία |9 155491 |x Συλλογές | |
| 700 | 1 | |a Rabe, Hugo |4 |9 31010 |e επιμελητής. | |
| 700 | 0 | |a Αφθόνιος |9 165690 |d 4ος αιώνας μ.Χ. |e συγγραφέας. | |
| 700 | 0 | |a Ερμογένης |9 165691 |d 2ος αιώνας μ.Χ. |e συγγραφέας. | |
| 700 | 0 | |9 123513 |a Μάξιμος ο Τύριος, |d 2ος αιώνας μ.Χ. |e συγγραφέας. | |
| 760 | 0 | |a Rhetores graeci |g XIV | |
| 830 | |9 161755 |a Bibliotheca scriptorum graecorum et romanorum Teubneriana | ||
| 830 | |9 165689 |a Rhetores graeci |v 14. | ||
| 942 | |2 ddc |c BKN | ||
| 952 | |0 0 |1 0 |2 ddc |4 0 |6 Π_Σ_885_010000000000000_PRO |7 0 |9 139865 |a LISP |b LISP |c REF |d 2016-04-24 |i 23606 |l 0 |o Π/Σ 885.01 PRO |p 025000092212 |r 2016-04-24 00:00:00 |t 1 |y BKN | ||
| 998 | |c ΜΠΟΥΡΑΣ |d 2017-11 | ||
| 999 | |c 91454 |d 91454 | ||